00750cam a22002171 4500001001300000003000400013005001700017008004100034010001700075035001900092040001800111050001800129100003400147245016800181260003500349300003900384440003600423504004300459650001300502999001700515agr40000611 DLC20260227110959.0771208s1938 fr af b 000 0 fre  aagr40000611  a(OCoLC)3471977 aDLCcViUdDLC00aQK629.A4bK821 aKühner, Robert,d1903-1996.13aLe genre Mycena (Fries)bÉtude cytologique et systématique des espèces d'Europe et d'Amérique du Nord,cpar Robert Kühner. Préface du dr. René Maire. aParis,bP. Lechevalier,c1938. a710 p.billus., 16 plates.c26 cm. 0aEncyclopédie mycologique,v10 a"Index bibliographique": p. [691]-694. 0aMycenas. c10061d10061